Normal view
MARC view
Entry Topical Term
001 - CONTROL NUMBER
- control field: 111794
003 - CONTROL NUMBER IDENTIFIER
- control field: NUST
005 - DATE AND TIME OF LATEST TRANSACTION
- control field: 20230412124949.0
008 - FIXED-LENGTH DATA ELEMENTS
- fixed length control field: 230412|| aca||aabn | a|a d
040 ## - CATALOGING SOURCE
- Original cataloging agency: NUST
- Transcribing agency: NUST
150 ## - HEADING--TOPICAL TERM
- Form subdivision: Problems, exercises, etc
670 ## - SOURCE DATA FOUND
- Source citation: Work cat.: (NUST)0: Spiegel, Murray R., Probability and statistics /, c2009.
